000 00556nam a2200241Ia 4500
005 20260320201108.0
008 008 262003s9999 xx 000 0 eng d
037 _aEBOOK
040 _aCRL
040 _beng
040 _cCRL
041 _2eng
041 _aeng
084 _qCRL
100 _aWang
245 0 _aModern Industrial Automation Software Design
260 _bIEEE
260 _c2006
856 _uhttps://ieeexplore.ieee.org/servlet/opac?bknumber=5201934
942 _cEBOOK
999 _c1718847
_d1718847